MDQL
is popping MORE tags! Check the
thread
!
Quizzes
Events
Quiz Creation
Community
Videos
Private Events
Remove Ads
Sign In
Join for FREE
Feedback
Dark Mode
Quiz Categories
Sports
Geography
Music
Movies
Television
Just For Fun
Miscellaneous
History
Literature
Language
Science
Gaming
Entertainment
Religion
Holiday
For Kids
Quiz Lab
Recent
Popular Today
Quiz Kudos Today
Editor Picks
Curator Picks
Quizzes by...
Day
Popularity
Type
Ratings
Length
Year
Community
Subscriptions
Recent Discussions
Orange Saloon
Badges
Playlists
Quests
Create
Leaderboards
Showdown
Live 5
Trivia Bingo
Activity
Puzzle Library
Sporcle Events
Private Events
Virtual Trivia
Globe League
Become a Host
Pub Owners
SporcleCon
Opinionation
Our Games
Videos
Blog
Mobile Apps
Partnerships
Remove Ads and Go Orange
Feedback
Gaming
Video Games
Board Games
Card Games
Pokémon
Mario
Nintendo
Minecraft
Console
Toys
Legend of Zelda
Gaming
Video Games
Board Games
Card Games
Pokémon
Mario
Nintendo
Minecraft
Console
Toys
Legend of Zelda
Random Quiz
Search Sporcle
×
Quiz Lab
Quiz Lab
Gaming
Ability
Type in answers that appear in a list
Type in answers that appear in a list
Classic
Best Score? Go Orange.
League of Legends Passive Abilities Stats
Can you name the League of Legends champions, given their passive abilities?
By
DR883
15m
162 Questions
542 Plays
542 Plays
542 Plays
Comments
Comments
Give Quiz Kudos
Give Quiz Kudos
-
- Ratings
hide this ad
Forced Order
Answers have to be entered in order
Answers have to be entered in order
Random Order
Randomize order of answers
Randomize order of answers
Replay
Link that replays current quiz
Next Quiz
Link to next quiz in quiz playlist
You Got
0%
They Got
Avg Score
57%
Avg Friend Score
Upgrade to see
Score Distribution
Jump to the score distribution portion of the page
Score
0/162
Timer
15:00
0
Plays Today
Passive Ability
Champion
% Correct
League of Draven
Draven
90.4%
Pix, Faerie Companion
Lulu
88.9%
Spider Queen
Elise
87.9%
Mark of the Kindred
Kindred
87.5%
Headshot
Caitlyn
87%
Garden of Thorns
Zyra
86.6%
Rock Surfing
Taliyah
86.5%
Spiked Shell
Rammus
85.9%
The Darkin Scythe
Kayn
85.8%
Skaarl, the Cowardly Lizard
Kled
85.8%
Friend of the Forest
Ivern
85.6%
Loaded Dice
Twisted Fate
85.5%
Fury of the Dragonborn
Shyvana
85.3%
Sunlight
Leona
85.2%
Duelist's Dance
Fiora
85%
Shurima's Legacy
Azir
84.8%
Blaze
Brand
84.8%
Cosmic Creator
Aurelion Sol
84.3%
Time in a Bottle
Zilean
84.2%
Surging Tides
Nami
83.7%
Cell Division
Zac
83.7%
Power Chord
Sona
83.5%
Get Excited!
Jinx
83.3%
Backstab
Shaco
82.9%
Mirror Image
LeBlanc
82.7%
Living Forge
Ornn
82.5%
Fury of the Xer'Sai
Rek'Sai
81.7%
Granite Shield
Malphite
81.6%
Moonsilver Blade
Diana
81.4%
Unseen Predator
Rengar
81.1%
Ionian Fervor
Irelia
80.1%
Serpentine Grace
Cassiopeia
80%
Crystal Spires
Skarner
79.6%
Love Tap
Miss Fortune
78.5%
Glorious Evolution
Viktor
78.5%
Phenomenal Evil Power
Veigar
78.3%
Rebirth
Anivia
78.1%
Gift of the Drowned Ones
Pyke
78%
Happy Hour
Gragas
77.9%
Frost Shot
Ashe
77.7%
A Harmless Scarecrow
Fiddlesticks
76.6%
Z-
Drive Resonance
Ekko
76.3%
Lightslinger
Lucian
76.1%
Illumination
Lux
76.1%
Hemorrhage
Darius
75.5%
Ravenous Flock
Swain
75.5%
Pit Grit
Sett
75.3%
Berserker Rage
Olaf
75%
Short Fuse
Ziggs
74.8%
Mana Barrier
Blitzcrank
74.2%
Organic Deconstruction
Vel'Koz
73.8%
Crimson Pact
Vladimir
73.8%
Doom 'n Gloom
Vex
73.6%
Tailwind
Janna
73.1%
Passive Ability
Champion
% Correct
Double Strike
Master Yi
73.1%
Mark of the Storm
Kennen
72.7%
Sap Magic
Maokai
72.5%
Carnivore
Cho'Gath
72.4%
An Acquired Taste
Tahm Kench
72.3%
Pyromania
Annie
72%
Divine Ascent
Kayle
72%
Colossal Smash
Galio
71.6%
Junkyard Titan
Rumble
71.4%
Fey Feathers
Rakan
71.4%
Unseen Threat
Kha'Zix
70.3%
Adaptive Defenses
Camille
70.3%
More Sparkles!
Zoe
70%
Iceborn Subjugation
Lissandra
69.6%
Runic Blade
Riven
69.2%
Arcane Mastery
Ryze
69.2%
Way of the Wanderer
Yasuo
68.6%
Fury of the North
Sejuani
68.3%
Glory in Death
Sion
67.7%
Deadly Venom
Twitch
67.3%
Night Hunter
Vayne
67.2%
Dream-
Laden Bough
Lillia
66.5%
Clockwork Windup
Orianna
66.4%
Stage Presence
Seraphine
66.1%
Icathian Surprise
Kog'Maw
65.7%
Rage Gene
Gnar
65.1%
Death Defied
Karthus
64.7%
Shepherd of Souls
Yorick
64.7%
Traveler's Call
Bard
64.1%
Cursed Touch
Amumu
63.5%
Noxious Slipstream
Singed
63.3%
Mana Surge
Xerath
62.9%
Demon Shade
Evelynn
62.7%
Assassin's Mark
Akali
62%
Ki Barrier
Shen
62%
Prowl
Nidalee
61.8%
A Thousand Cuts
Gwen
61.1%
Harrier
Quinn
60.9%
Joy Unending
Nilah
60.7%
The Relentless Storm
Volibear
60.7%
Stone Skin
Wukong
60.7%
Trial by Fire
Gangplank
60.5%
Guerrilla Warfare
Teemo
59.2%
Prophet of an Elder God
Illaoi
59.1%
Void Stone
Kassadin
59%
Hextech Affinity
Heimerdinger
57.7%
Void Shift
Malzahar
56.8%
Umbra Blades
Nocturne
56.4%
Goes Where He Pleases
Dr. Mundo
54.9%
Battle Fury
Tryndamere
54.2%
Bridge Between
Udyr
53.8%
Hextech Capacitor
Jayce
53.2%
Petricite Burst
Sylas
52.5%
Daredevil Impulse
Samira
52.5%
Passive Ability
Champion
% Correct
Contempt for the Weak
Zed
52.5%
Hextech Munitions
Corki
51.6%
King's Tribute
Trundle
51.6%
Triumphant Roar
Alistar
51.4%
Second Skin
Kai'Sa
51.4%
Living Battery
Zeri
50.7%
The Hitman and the Seer
Aphelios
50.7%
Essence Theft
Ahri
50.6%
Death in Lavender
Bel'Veth
50.3%
Deathbringer Stance
Aatrox
50.3%
Fleet of Foot
Sivir
49.9%
Nimble Fighter
Fizz
49.4%
Eternal Hunger
Warwick
48.1%
Bop 'n' Block
Yuumi
47.8%
Royal Privilege
Qiyana
47.6%
Whisper
Jhin
47.5%
Draw a Bead
Tristana
47.5%
Rising Spell Force
Ezreal
46.9%
Perseverance
Garen
46.6%
Blast Shield
Vi
46.4%
Iron Ambassador
Poppy
46%
Bravado
Taric
45.8%
Soul Siphon
Morgana
45.3%
Concussive Blows
Braum
44.9%
Blade's End
Talon
43.2%
Martial Poise
Kalista
41.6%
Martial Cadence
Jarvan IV
40.4%
Clean Cuts
Xayah
40.4%
Voracity
Katarina
39.3%
Soul Eater
Nasus
39%
New Destiny
Graves
37.7%
Mortal Will
Pantheon
37.7%
Warpath
Hecarim
36.2%
Flurry
Lee Sin
35.6%
Call of the Freljord
Nunu & Willump
35.6%
Salvation
Soraka
34.7%
Reign of Anger
Renekton
34.1%
Dirty Fighting
Akshan
33.5%
Staggering Blow
Nautilus
32.3%
Absolution
Senna
32%
Darkness Rise
Mordekaiser
31.9%
Echoing Flames
Urgot
31.7%
Inherent Glamour
Neeko
31.2%
Leverage
Renata Glasc
31.2%
Damnation
Thresh
30.1%
Way of the Hunter
Yone
29.9%
Transcendent
Syndra
27.8%
Relentless Assault
Jax
27.6%
Determination
Xin Zhao
27.6%
Gathering Fire
Karma
27.3%
Break the Mold
Rell
26.5%
Sovereign's Domination
Viego
25.5%
Living Vengeance
Varus
24.1%
Dauntless Instinct
K'Sante
19%
Quiz Playlist
Details
Report
Send in Message
Add To Playlist
Classic:
Type in answers that appear in a list
Forced Order:
Answers have to be entered in order
Random Order:
Randomize order of answers
Last Updated: Jul 20, 2017
Quiz Scoreboard
CHALLENGE
Sign Up to Join the Scoreboard
Show All
Scores
Hide
Comments
May contain spoilers
Recently Published
Colored Red Africa Blitz
by spor1
Geography
30s
Find the 'City' Movie
by crazypaving
Movies
60s
5x2 Blitz: Bands
by SL_Kpop136
Music
30s
More to Explore
Quiz From the Vault
Featured Blog Post
14 Easter Pick-up Lines to Find Eggs With
hide this ad
You Might Also Like...
Tags
Ability
champion
League of Legends
Today's Top Quizzes in Gaming
Browse Gaming
hide this ad
Today's Top Quizzes in Ability
Browse Ability
Top Contributed Quizzes in Gaming
1
Dead By Daylight Logic Puzzle
2
League of Legends Pro Players by Career/Team History
3
Destiny 2 exotic weapons by perk icons
4
Genshin Impact Logic Puzzle
5
Overwatch 2: Ultimate Ability Icons
6
Genshin Impact Logic Puzzle Quiz II
7
Windmill: Elements
8
Overwatch Logic Puzzle
9
Genshin Impact Logic Puzzle Quiz
10
Genshin murder mystery
Explore More
Trending Topics
Crossword
Harry Potter
Marvel
Anime
NBA
Disney
Kpop
Song
Country
WWE
Soccer
Pokémon
Puzzle
NFL
The Office
hide this ad
More By:
DR883
Quiz
Plays
Rating
Category
Featured
Created
Deathly Hallows: Who's Who?
38,675
4.18
Literature
Jun 25, 2012
League of Legends Passive Abilities
542
4.86
Gaming
Nov 25, 2014
Pokémon Unscramble
209
5.00
Gaming
Jun 12, 2013
RuneScape A-Z
187
3.50
Gaming
Mar 31, 2012
Pokémon Type Combos
145
3.75
Gaming
Jun 24, 2012
Go to Creator's Profile
Score Distribution
Quiz Creator Spotlight
DR883
Follow
Send a Message
Quizzes Created
-
Created Quiz Play Count
-
More By This Creator
Popular Quizzes Today
1
Colored Red Africa Blitz
2
Find the 'City' Movie
3
Find the US States - No Outlines Minefield
4
5x2 Blitz: Bands
5
The Countries of the World
6
Find the US States
7
US States
8
9x9 Crossword: Cartoon Network
More Gaming Quizzes
Binding of Isaac Tainted Character Titles
Quiz Lab
Trending Quizzes
Colored Red Europe Blitz I
Colored Red Europe Blitz II
Colored Red Africa Blitz II
Colored Red Africa Blitz III
Colored Red Europe Blitz III
Recently Updated
Godzilla Movies
pecheneg
Grab Bag: 4-10 Letters
pecheneg
2024 March Madness Bracket
pecheneg
Famous TV Couples
Peacemaker
Champions League XIs: Real Madrid
pecheneg
Largest US Cities 1790-2010
pecheneg
Rides in Walt Disney World
pecheneg
Most Oscar Losses (Acting)
pecheneg
Beyoncé Albums
pecheneg
Leaping Animals
pecheneg
Trending Topics
Disney
Crossword
Kpop
Anime
Harry Potter
Marvel
NBA
NFL
Song
Pokémon
Country
WWE
Puzzle
Soccer
The Office
Your Account Isn't Verified!
In order to create a playlist on Sporcle, you need to verify the email address you used during registration. Go to your
Sporcle Settings
to finish the process.
Report this User
Report this user for behavior that violates our
Community Guidelines
.
Details:
Send Report
Go to the Sporcle.com Mobile Site →
Comments